| 000 | 00450nam a22001697a 4500 | ||
|---|---|---|---|
| 999 |
_c523713 _d523713 |
||
| 003 | NUST | ||
| 038 | _awaseem | ||
| 082 |
_a891.42 _bAHS |
||
| 100 |
_aAshan, Afzal _914485 |
||
| 245 |
_aRan Talwar Te Gora / _cAfzal Ashan |
||
| 260 |
_aLahore : _bManzoor Printing Press, _c1981. |
||
| 300 | _a134 p. ; | ||
| 500 | _aPaperback. | ||
| 880 |
_6100-02\r _aافضل احسان |
||
| 880 |
_6245-02\r _aرن تلوار تے گھوڑا / |
||
| 942 |
_2ddc _cBK |
||